=LDR 00000nam 2200000 4500 =001 INLIS000000000017895 =005 20140603092829.0 =006 =007 =008 Ind =035 ##$$a 0010-061300000017895 =041 ##$$a Ind =082 ##$$a 371.29 =090 ##$$a 371.27, Pem p =245 ##$$a Pemantapan menghadapi SPMB IPC 2006 paket 1998-2005 dilengkapi try out SPMB 2006, Tim Widya Gamma =260 ##$$a 2005 $b Bandung =300 ##$$a ...jil, 30 cm =650 ##$$a Pendidikan Evaluasi =850 ##$$a NBPNMAT =990 ##$$a 21400613/BPAP-NTB/20142014